Election of 1824 Trivia - Statistics

General Stats
  • This quiz has been taken 25 times
  • The average score is 18 of 24
Answer Stats
Hint Answer % Correct
Candidate who won the mostvotes, electoral votes, and states yet still lost the election Andrew Jackson
100%
Their party Democratic-Republican
100%
Their party Democratic-Republican
100%
Their party Democratic-Republican
100%
Their party Democratic-Republican
100%
Victor John Quincy Adams
100%
Their home state Massachusetts
95%
Fourth place candidate Henry Clay
89%
Battle this candidate is famous for New Orleans
89%
Their home state Tennessee
89%
This was the first US election toobe decided by the _____ __ ______________ House of Representatives
84%
Their home state Kentucky
84%
State that had electors vote for every candidate New York
84%
Their home state Georgia
79%
Their running mate John C Calhoun
79%
Their running mate John C Calhoun
79%
State with the closest Margin (0.32%) Maryland
63%
Candidate in third place William H Crawford
63%
Their alliance Jacksonian
47%
Their alliance Old Republican
37%
Their alliance Adams-Clay
32%
Their alliance Adams-Clay
32%
Their running mate Nathaniel Macon
26%
Their running mate Nathan Sanford
21%
No matching quizzes found
Score Distribution
Percent of People with Each Score
Percentile by Number Answered
Your Score History
You have not taken this quiz